• 首页
  • 本馆介绍
  • 公告通知
  • 最新文献
  • 馆藏检索
  • 电子资源
  • 读者导购
  • 参考咨询
  • 我的图书馆
  • 登录
  • 详细信息显示
  • 放入我的书架
  • 预约/预借图书
  • 作者相关作品
  • 分类相关作品
  • 丛书相关作品
  • 出版社相关作品

书目信息

  • 表格格式
  • 工作单格式
  • 卡片格式
题名:
核与粒子
    
 
作者: 薛格雷 , Segre 著 ;沈子威 , 陆祖荫 译
分册: 上册  
出版信息: 北京   科学出版社  1984-1985
页数: 436页
开本: 21cm
丛书名:
单 册:
中图分类: O57
科图分类:
主题词: 核物理学
电子资源:
ISBN:
000 00774nam0 2200277 45
001 0184002307
005 20040517161038.2
010    @dCNY2.60
091    @a13031.2470
100    @a19950531d1984 emky0chiy0121 ea
101 1  @achi@ceng
102    @aCN@b110000
105    @ay z 000yy
106    @ar
200 10 @a核与粒子@h上册@Ahe yu li zi@f薛格雷(E.Segre)著@FXue Ge Lei(E.Segre)Zhu@g沈子威等译@g陆祖荫校
210    @a北京@c科学出版社@d1984-1985
215    @a436页@d21cm
606    @a核物理学
690    @aO57@v3
701  1 @a薛格雷@Axue ge lei@bE.@4著
701 A1 @aSegre@bE.@4著
702  0 @a沈子威@Ashen zi wei@4译
702  0 @a陆祖荫@Alu zu yin@4校
801  0 @aCN@b上海图书馆@c20040517
801  2 @aCN@bNLC@c20040517
905    @f1@b101385@dO57@e15:1
    
    核与粒子.上册/薛格雷(E.Segre)著/沈子威等译/陆祖荫校.-北京:科学出版社,1984-1985
    436页;21cm
    
    
    ISBN :CNY2.60
    
●
相关链接 在E读中查询图书 在五车中查询图书 在当当中查询图书 在豆瓣中查询图书


正题名:核与粒子     索取号:O57/15:1         预约/预借

序号 登录号 条形码 馆藏地/架位号 状态 备注
1 0101385   001451841   第三借阅区/ [索取号:O57/15:1] 在馆    
2 0101386   202101849   第二样本阅览室/ [索取号:O57/15:1] 在馆    
唐山师范学院图书馆 欢迎您!
大连网信软件有限公司© 版权所有